000 00323nam a22001457a 4500
999 _c54945
_d54945
008 190927b ||||| |||| 00| 0 eng d
020 _a9780073028262
041 _aeng
080 _26th
_a57
082 _a57
100 _a11
101 _aBIO
245 _aBiology of the Invertebrates
_cPechenik,J.A
942 _2udc
_cBK